Casa delle culture e dell'accoglienza delle persone LGBTQI+ Napoli Carta dei Servizi

Đã lưu trong:
Chi tiết về thư mục
Tác giả của công ty: Casa delle culture e dell'accoglienza delle persone LGBTQI+ Napoli
Định dạng: Sách
Ngôn ngữ:Tiếng Anh
Các nhãn: Thêm thẻ
Không có thẻ, Là người đầu tiên thẻ bản ghi này!

MARC

LEADER 00000nam a2200000 4500
005 20241023174156.0
008 241023b |||||||| |||| 00| 0 eng d
040 |c GP 
110 |a Casa delle culture e dell'accoglienza delle persone LGBTQI+ Napoli 
245 |a Casa delle culture e dell'accoglienza delle persone LGBTQI+ Napoli  |b Carta dei Servizi 
942 |2 ddc  |c BK  |n 0 
952 |0 0  |1 0  |2 ddc  |4 0  |6 360_000000000000000_CAS  |7 1  |9 2154  |a RM  |b RM  |d 2024-10-23  |l 0  |o 360 CAS  |p 831  |r 2024-10-23 17:42:12  |w 2024-10-23  |y BK 
999 |c 1894  |d 1894